LEADER 01005nam a2200217 i 4500 001 000000141413 003 CaOOAMICUS 005 20171205000000.0 008 171205s1848 it u000 u ita u 013 $a115921 040 $aSeMil$bita 100 1 $aLamartine, Alphonse : de,$d<1790-1869>.$0(OLS)http://semarc/name/4379 245 10$aStoria della Rivoluzione del 1848 /$cdi A. di Lamartine ; voltata in italiano nella sua integritą da G. Savonarola. 260 $aMilano :$bpresso la Tipografia Arzione e C.,$c[1848] 300 $aVII, 521 p., [1] di tav. :$britr. ;$c17 cm. 650 4$aFrancia - Storia - 1848.$0(OLS)http://semarc/subject/45180 700 1 $aSavonarola, Gaetano.$0(OLS)http://semarc/name/93470 850 $aSeMil 852 $aSeMil$W1$xVenegono$y1$m3T II 3 FA$j94655$B94655$CSeMilBibl$Z2$F0 $8I 996 $6245$aStoria della Rivoluzione del 1848$9(OLS)http://semarc/title/408573 996 $6260$aMilano :$bpresso la Tipografia Arzione e C.$9(OLS)http://semarc/publisher/57282 LEADER 01316nam a2200277 i 4500 001 000000222019 003 CaOOAMICUS 005 20130828000000.0 008 130828s2006 it u000 u ita u 013 $a200916 020 $a88-209-7527-0 040 $aSeMil$bita 100 1 $aKowalska, Faustina .$0(OLS)http://semarc/name/49617 240 10$aMilosierdzie boze w duszy mojej dzienniczek.$0(OLS)http://semarc/title/318319 245 10$aDiario di santa Maria Faustina Kowalska :$bla misericordia divina nella mia anima /$cMaria Faustina Kowalska. 260 $aCittą del Vaticano :$bLibreria Editrice Vaticana,$c2006. 300 $a982 p., [4] p. di tav. :$bill. ;$c18 cm. 500 $aFondo card. C. M. Martini. 650 4$aFaustina : Kowalska - Opere.$0(OLS)http://semarc/subject/45418 850 $aSeMil 852 $aSeMil$W1$xVenegono$y1$m3H I 448$j172368$B172368$CSeMilBibl$Z2$F185298 $81 941 1 $a4 961 $aLascito: Martini Card. Carlo Maria 996 $6020$a88-209-7527-0$9(OLS)http://semarc/number/221349 996 $6245$aDiario di santa Maria Faustina Kowalska :$bla misericordia divina nella mia anima$9(OLS)http://semarc/title/318318 996 $6260$aCittą del Vaticano :$bLibreria Editrice Vaticana$9(OLS)http://semarc/publisher/29734